00459nam a2200145 i 4500001001100000003000500011005001700016008004100033040002500074245007500099264007000174336002100244337002500265338002300290C2-0235885PPAK20180729161612.0010923s1990 my |||| ||||| | may d aPPAKbengcPPAKerda00aKunjungan Muhibah Perdana Menteri ke Indonesia, Thailand dan Singapura 1aAlor Setar, Kedah : bPerbadanan Perpustakaan Awam Kedah , c1990 2rdacontentatext 2rdamediaaunmediated 2rdacarrieravolume